MLS Cities - Sudden Death - Statistics

General Stats
  • This quiz has been taken 644 times
  • The average score is 16 of 28
Answers on the Grid
Answers color-coded by a green-red scale on the quiz's grid according to % correct below.
Atlanta
Austin
Boston
Charlotte
Chicago
Cincinnati
Cleveland
Columbus
Dallas
Denver
Detroit
Edmonton
Guadalajara
Havana
Honolulu
Houston
Indianapolis
Kansas City
Las Vegas
Los Angeles
Memphis
Mexico City
Miami
Milwaukee
Montreal
Nashville
New Orleans
New York
Oklahoma City
Omaha
Orlando
Philadelphia
Phoenix
Pittsburgh
Portland
Richmond
Salt Lake City
San Antonio
San Diego
San Jose
San Juan
Seattle
St. Louis
St. Paul
Toronto
Vancouver
Washington
Winnipeg
 
Answer Stats
Answer % Correct
Atlanta
87%
Chicago
84%
Dallas
72%
Austin
71%
Columbus
68%
Los Angeles
67%
Charlotte
66%
New York
64%
Cincinnati
63%
Miami
63%
Philadelphia
58%
Toronto
57%
Boston
55%
Houston
54%
Seattle
54%
Vancouver
53%
Salt Lake City
52%
Montreal
51%
Kansas City
50%
Nashville
49%
Orlando
49%
Portland
47%
Denver
46%
Washington
45%
San Jose
42%
San Diego
40%
St. Louis
37%
St. Paul
24%
No matching quizzes found
Score Distribution
Percent of People with Each Score
Percentile by Number Answered
Your Score History
You have not taken this quiz